| 000 | 01075cam a2200253 i 4500 | ||
|---|---|---|---|
| 003 | SA-RiAUC | ||
| 005 | 20250901093943.0 | ||
| 008 | 250830s1982 su g 000 0 ara c | ||
| 040 |
_aSA-MuMU _bara _cSA-RiAUC _erda |
||
| 082 | 0 | 4 | _a810.9 |
| 090 |
_a810.9 _bع س ك |
||
| 100 | 1 |
_aالعسكري، الحسن بن عبد الله بن سعيد، _d293-382 هجري _eمؤلف. |
|
| 245 | 1 | 2 |
_aالمصون في الأدب / _cتأليف أبو أحمد الحسن بن عبد الله بن سعيد العسكري ؛ تحقيق عبد السلام محمد هارون. |
| 250 | _aالطبعة الثانية. | ||
| 264 | 1 |
_aالرياض : _bدار الرفاعي، _c1982 |
|
| 300 |
_a287 صفحة؛ _c24 سم. |
||
| 336 |
_aنص _btxt _2rdacontent _3كتاب |
||
| 337 |
_aبدون وسيط _bn _2rdamedia |
||
| 338 |
_aمجلد _bnc _2rdacarrier |
||
| 650 | 7 |
_aالأدب العربي _xتاريخ ونقد _2aucsh |
|
| 700 | 1 |
_aهارون، عبد السلام محمد، _d1909-1988 _eمحقق. |
|
| 942 |
_2ddc _cBOOK _n0 |
||
| 949 |
_aSA-JeALM _d250830 _umohamedma123 _n1 |
||
| 999 |
_c11359 _d11359 |
||